000
00211 a2200097 4500
001
18058
100
_a
Sandham, R
245
_a
Engineering metalwork jobs
260
_a
_b
Edward arnold
_c
090
_c
13352
_d
13352
942
_a
NUST-CAE
_c
M
_c
3728
999
_c
253131
_d
253131